[Event "Mem op Francisco Codes 12th"]
[Site "Madrid"]
[Date "2018.06.10"]
[Round "9.5"]
[White "Martinell Gispert Sauch, Jose M"]
[Black "Cuellar Gutierrez, Raul"]
[Result "0-1"]
[WhiteElo "1633"]
[BlackElo "1933"]
[PlyCount "25"]
[EventDate "2018.04.08"]
[EventType "swiss"]
[EventRounds "9"]
[EventCountry "ESP"]
[SourceTitle "EXT 2024"]
[Source "ChessBase"]
[SourceDate "2023.10.10"]
[SourceVersion "1"]
[SourceVersionDate "2023.10.10"]
[SourceQuality "1"]

1. e4 e6 2. d4 d5 3. exd5 exd5 4. c4 Nf6 5. Nc3 Be6 6. c5 b6 7. b4 a5 8. Bb5+ c6 9. Bd3 axb4 10. Na4 bxc5 11. dxc5 Nbd7 12. Be3 Qa5 13. Bc2 0-1

[Event "Madrid San Viator op-B 28th"]
[Site "Madrid"]
[Date "2017.04.23"]
[Round "4"]
[White "Aparicio Iriso, Miguel"]
[Black "Martinell Gispert Sauch, Jose M"]
[Result "0-1"]
[WhiteElo "1474"]
[BlackElo "1629"]
[PlyCount "98"]
[EventDate "2017.03.26"]
[EventType "swiss"]
[EventRounds "9"]
[EventCountry "ESP"]
[SourceTitle "EXT 2019"]
[Source "ChessBase"]
[SourceDate "2018.10.10"]
[SourceVersion "1"]
[SourceVersionDate "2018.10.10"]
[SourceQuality "1"]

1. e4 c6 2. d4 d5 3. Nd2 dxe4 4. Nxe4 Bf5 5. Ng3 Bg6 6. Nf3 Nd7 7. Bd3 e6 8. 0-0 Ngf6 9. c4 Bd6 10. Re1 Bxd3 11. Qxd3 0-0 12. Ne4 Nxe4 13. Qxe4 Nf6 14. Qd3 c5 15. Bg5 Be7 16. Rad1 cxd4 17. Qxd4 Qa5 18. a3 Rfd8 19. Qe5 Qa4 20. Rc1 Rac8 21. Qe2 h6 22. Bh4 Kf8 23. h3 a6 24. Ne5 Rd4 25. Bg3 Rcd8 26. Qc2 Qxc2 27. Rxc2 Nh5 28. Bh2 Rd2 29. Rxd2 Rxd2 30. Rb1 Bc5 31. Kh1 Bxf2 32. b3 Ng3+ 33. Bxg3 Bxg3 34. Nf3 Rd3 35. Kg1 Ke7 36. Kf1 e5 37. Ke2 e4 38. Nd2 f5 39. Rc1 Bf4 40. Rc2 Rxd2+ 41. Rxd2 Bxd2 42. Kxd2 f4 43. b4 Kd6 44. a4 Kc6 45. Kc3 g5 46. Kd2 h5 47. Ke2 Kd6 48. Kd2 Ke5 49. a5 Kd4 0-1